00822nam a2200193 a 450000100100000000500170001000800410002702000150006804000250008310000380010824501410014626000720028730000210035949000440038050400320042450400730045671000550052983000440058400004140520201002034847.0131002s2005 sp 000 0 spa d a8400083512 aDO-SdBNPbspacBNPHU1 aVidal Rodríguez, José Antonio13aLa Emigración gallega a Cuba : trayectos migratorios, inserción y movilidad laboral, 1898-1968 /aJosé Antonio Vidal Rodríguez,. aMadrid :bConsejo Superior de Investigaciones Científicas,c2005. a422 p. ;c25 cm.1 aBiblioteca de historia de Américav36 aBibliografía : p. 399-422 aIncluye referencias bibliográficas y notas al pie de las páginas2 aConsejo Superior de Investigaciones Científicas, 0aBiblioteca de historia de Américav36